[Event "KL Chess Open 2014"]
[Site "Kuala Lumpur MAS"]
[Date "2014.04.07"]
[Round "4.34"]
[White "Savant, Riya"]
[Black "Alahakoon, Isuru"]
[Result "1/2-1/2"]
[WhiteTitle "WFM"]
[WhiteElo "1938"]
[BlackElo "2120"]
[WhiteFideId "5067359"]
[BlackFideId "9900993"]
[EventDate "2014.04.04"]

1. d4 Nf6 2. Nf3 d5 3. g3 Bg4 4. Bg2 Nbd7 5. O-O e6 6. Nbd2 Bd6 7. c4 c6 8. b3
Qe7 9. Bb2 Bxf3 10. Nxf3 h5 11. Ne5 Ng4 12. Nxd7 Qxd7 13. e4 dxe4 14. Bxe4 O-O-O
15. d5 cxd5 16. cxd5 e5 17. Qc2+ Kb8 18. Bf5 Qb5 19. Bxg4 hxg4 20. Qf5 Qxd5 21.
Rad1 Qf3 22. Qxf3 gxf3 23. Rxd6 Rxd6 24. Bxe5 Kc7 25. Rd1 Rd8 26. Rd3 f6 27.
Bxd6+ Rxd6 28. Rxf3 b5 29. Re3 g5 30. Re7+ Kb6 31. Rf7 a5 32. h4 gxh4 33. gxh4
Kc5 34. h5 Kb4 35. h6 f5 36. h7 Rh6 37. Ra7 a4 38. bxa4 bxa4 39. Kg2 Kc3 40. Rb7
Kd4 41. Kg3 Kd5 42. Kf4 Rh5 43. Ra7 Ke6 44. f3 Kf6 45. Ra6+ Kg7 46. Ke5 f4+ 47.
Kxf4 Rh4+ 48. Kg5 Rc4 49. Ra7+ Kh8 50. f4 a3 51. f5 Rg4+ 52. Kf6 Rg6+ 53. Ke5
Rc6 54. Kd4 Rd6+ 55. Kc5 Rc6+ 56. Kb4 Rb6+ 57. Kc4 Rc6+ 58. Kd3 Rd6+ 59. Ke3
Re6+ 60. Kf2 Re2+ 61. Kg3 Re3+ 62. Kh4 Re4+ 63. Kh5 Rh4+ 1/2-1/2

[Event "KL Chess Open 2014"]
[Site "Kuala Lumpur MAS"]
[Date "2014.04.07"]
[Round "4.35"]
[White "Anisuzzaman, Jewel"]
[Black "Tan, Li Ting"]
[Result "1-0"]
[WhiteElo "2110"]
[BlackElo "1928"]
[WhiteFideId "10204695"]
[BlackFideId "5704820"]
[EventDate "2014.04.04"]

1. Nf3 d5 2. g3 c5 3. Bg2 Nc6 4. O-O e5 5. d3 f6 6. Nc3 Be6 7. h3 Qd7 8. Kh2
Nge7 9. e4 d4 10. Ne2 O-O-O 11. Ne1 c4 12. Bd2 Kb8 13. dxc4 Bxc4 14. Nd3 Nc8 15.
b3 Be6 16. b4 Qc7 17. a4 Nb6 18. b5 Ne7 19. Bb4 Nec8 20. a5 Nc4 21. Qb1 Bd6 22.
Rd1 Bd7 23. c3 Bxb5 24. cxd4 exd4 25. Bxd6 N8xd6 26. Nxd4 Bd7 27. Qb4 Rc8 28.
Rab1 Qxa5 29. Qxa5 Nxa5 30. f4 Rhe8 31. e5 fxe5 32. Nxe5 Ba4 33. Rd2 Ndc4 34.
Re2 Nxe5 35. fxe5 Nc6 36. Nf5 Rc7 37. Nd6 Rxe5 38. Rxe5 Nxe5 39. Nxb7 Kc8 40.
Nd6+ Kd7 41. Ne4 h6 42. Rb2 Ke6 43. g4 g6 44. Kg3 Bd7 45. Rd2 Ke7 46. Kf4 Nc4
47. Re2 Be6 48. g5 h5 49. Nf6 Kf7 50. Be4 Nd6 51. Bxg6+ Kxg6 52. Rxe6 1-0

[Event "KL Chess Open 2014"]
[Site "Kuala Lumpur MAS"]
[Date "2014.04.07"]
[Round "4.36"]
[White "Darinowijono, Hermanu Latif"]
[Black "Vu, Phi Hung"]
[Result "1-0"]
[WhiteElo "1903"]
[BlackElo "2095"]
[WhiteFideId "5716284"]
[BlackFideId "12404527"]
[EventDate "2014.04.04"]

1. Nf3 d5 2. g3 Nf6 3. Bg2 e6 4. b3 Be7 5. Bb2 b6 6. d4 Bb7 7. Nbd2 O-O 8. O-O
Nbd7 9. Ne5 Nxe5 10. dxe5 Nd7 11. c4 Qb8 12. Rc1 Rd8 13. cxd5 exd5 14. e3 Nf8
15. Qg4 Bc8 16. Qe2 a5 17. Rfd1 a4 18. Nb1 axb3 19. axb3 Be6 20. Nc3 Ra5 21. Nb5
c5 22. Bc3 Ra8 23. f4 Qc8 24. Rd2 Rb8 25. Ba1 c4 26. bxc4 dxc4 27. Na7 Rxd2 28.
Qxd2 Qd8 29. Qxd8 Rxd8 30. Nc6 Rd7 31. Bd4 Bc5 32. Bxc5 bxc5 33. Na5 g6 34. Nxc4
Bxc4 35. Rxc4 Rc7 36. Bh3 Ne6 37. Bxe6 fxe6 38. Kf2 Kf7 39. Ke2 Ke7 40. Kd3 Kd7
41. Ra4 Kc6 42. Kc4 Kb6 43. Ra8 Kc6 44. Rd8 Ra7 45. Rd6+ Kc7 46. Kxc5 Ra5+ 47.
Kd4 Ra2 48. Rxe6 Kd7 49. Rb6 Rxh2 50. Kd5 Rd2+ 51. Ke4 Rh2 52. g4 Rh3 53. f5 Rh4
54. f6 Rxg4+ 55. Kd5 1-0

[Event "KL Chess Open 2014"]
[Site "Kuala Lumpur MAS"]
[Date "2014.04.07"]
[Round "4.37"]
[White "Yogesh, Gautam"]
[Black "Izzuddin, Zain"]
[Result "1/2-1/2"]
[WhiteElo "2091"]
[BlackElo "1881"]
[WhiteFideId "5009324"]
[BlackFideId "10500677"]
[EventDate "2014.04.04"]

1. e4 e5 2. Nf3 Nf6 3. Nxe5 d6 4. Nf3 Nxe4 5. Nc3 Nf6 6. d4 Be7 7. Bg5 O-O 8.
Qd2 Re8 9. O-O-O Nbd7 10. Bd3 d5 11. Rde1 c6 12. h4 Nf8 13. Ne5 Ng4 14. Bxe7
Rxe7 15. f4 f6 16. Nf3 Nh6 17. Nd1 Bf5 18. Nf2 Bxd3 19. Qxd3 Rxe1+ 20. Rxe1 Qd7
21. Qe2 Kf7 22. Nh3 Nf5 23. Qf2 Kg8 24. Qe2 Ng3 25. Qe7 Ne4 26. Qxd7 Nxd7 27. g4
Kf7 28. f5 g6 29. fxg6+ hxg6 30. Nf4 g5 31. hxg5 fxg5 32. Nd3 Rh8 33. c4 Rh3 34.
Re3 Kf6 35. cxd5 cxd5 36. Nb4 Nb6 37. Rb3 a5 38. Nd3 Nc4 39. Nde5 Ncd6 40. Rb6
Ke7 41. Kc2 Rg3 42. Rb3 Rg2+ 43. Kc1 b5 44. Re3 Kf6 45. Nd7+ Ke6 46. Nde5 Kf6
47. Nd7+ Ke6 48. Nde5 Kf6 1/2-1/2

[Event "KL Chess Open 2014"]
[Site "Kuala Lumpur MAS"]
[Date "2014.04.07"]
[Round "4.38"]
[White "Calvelo, Jelvis"]
[Black "Vucak, Mark"]
[Result "1-0"]
[WhiteElo "2115"]
[BlackElo "1771"]
[WhiteFideId "5208009"]
[BlackFideId "3218937"]
[EventDate "2014.04.04"]

1. c4 e5 2. Nc3 Nc6 3. Nf3 Bc5 4. e3 a6 5. d4 exd4 6. exd4 Ba7 7. Be2 Nge7 8. d5
Nb8 9. d6 Ng6 10. dxc7 Qxc7 11. Nd5 Qd8 12. Bg5 f6 13. Bd2 O-O 14. O-O Nc6 15.
Bc3 d6 16. Qd2 Be6 17. Rad1 Qd7 18. b3 Rad8 19. Rfe1 Nge5 20. Nf4 Bf7 21. Nd4
Rfe8 22. Nc2 Qf5 23. Nd4 Qc8 24. Nc2 Ng4 25. Bxg4 Rxe1+ 26. Rxe1 Qxg4 27. Nd5
Qd7 28. Bxf6 Re8 29. Bc3 Rf8 30. Nce3 Bxd5 31. Qxd5+ Qf7 32. Qxf7+ Rxf7 33. Rd1
Bc5 34. g3 g6 35. Kg2 h5 36. Rd2 Ne5 37. Bxe5 Bxe3 38. fxe3 dxe5 39. Rd5 Re7 40.
e4 Kf7 41. Rd6 Re6 42. Rxe6 Kxe6 43. g4 Kf6 44. gxh5 gxh5 45. Kg3 Kg5 46. b4 h4+
47. Kf3 Kf6 48. Kg4 h3 49. Kxh3 Kg5 50. Kg3 1-0

[Event "KL Chess Open 2014"]
[Site "Kuala Lumpur MAS"]
[Date "2014.04.07"]
[Round "4.39"]
[White "Lim, Kian Hwa"]
[Black "Wettasinha, Vasanta"]
[Result "1-0"]
[WhiteElo "1851"]
[BlackElo "1784"]
[WhiteFideId "5700744"]
[BlackFideId "9904433"]
[EventDate "2014.04.04"]

1. e4 c6 2. d4 d5 3. Nc3 dxe4 4. Nxe4 Nd7 5. Nf3 Ngf6 6. Ng3 g6 7. Bc4 Bg7 8. c3
O-O 9. O-O a6 10. Re1 Nb6 11. Bb3 Bg4 12. h3 Bxf3 13. Qxf3 Nbd5 14. Bd2 b5 15.
Re2 Qd6 16. Rae1 e6 17. h4 h5 18. Ne4 Nxe4 19. Qxe4 a5 20. g3 a4 21. Bc2 c5 22.
dxc5 Qxc5 23. a3 Rac8 24. Bb1 Nf6 25. Qg2 Ng4 26. Bf4 e5 27. Bg5 f6 28. Be3 Nxe3
29. Rxe3 f5 30. Ba2+ Kh7 31. Rd3 e4 32. Rd5 Qb6 33. Red1 Rfd8 34. Qf1 Rxd5 35.
Rxd5 Rc5 36. Rd7 Re5 37. Qe2 e3 38. f4 Re8 39. Bd5 Qc5 40. Kf1 Rb8 41. Qd3 Rb6
42. Ke2 Qc8 43. Qd4 Rf6 44. Qa7 Qf8 45. Qc7 Kh6 46. Rd8 Rc6 47. Bxc6 1-0